La educación superior en la Murcia del siglo XVIII (Record no. 214969)

MARC details
000 -CABECERA
campo de control de longitud fija 00773nam a22002177a 4500
005 - FECHA Y HORA DE LA ÚLTIMA TRANSACCIÓN
campo de control 20260416130057.0
007 - CAMPO FIJO DE DESCRIPCIÓN FÍSICA--INFORMACIÓN GENERAL
campo de control de longitud fija cr |||aaa|||||
008 - ELEMENTOS DE LONGITUD FIJA--INFORMACIÓN GENERAL
campo de control de longitud fija 260416s2003 sp|d||||o|||| 000 0 spa d
020 ## - NÚMERO INTERNACIONAL NORMALIZADO PARA LIBROS
Número Internacional Estándar del Libro 8479087234
040 ## - FUENTE DE LA CATALOGACIÓN
Centro catalogador/agencia de origen MX-MxUPN
Lengua de catalogación spa
Normas de descripción aacr2
041 0# - CÓDIGO DE IDIOMA
Código de lengua del texto/banda sonora o título independiente spa
050 #4 - SIGNATURA TOPOGRÁFICA DE LA BIBLIOTECA DEL CONGRESO
Número de clasificación LA911.5
100 1# - ASIENTO PRINCIPAL--NOMBRE PERSONAL
Nombre de persona Mas Galvañ, Cayetano
9 (RLIN) 59284
245 13 - MENCIÓN DE TÍTULO
Título La educación superior en la Murcia del siglo XVIII
Medio [recurso electrónico en línea]
260 ## - PUBLICACIÓN, DISTRIBUCIÓN, ETC.
Lugar de publicación, distribución, etc. San Vicente del Raspeig :
Nombre del editor, distribuidor, etc. Universidad de Alicante,
Fecha de publicación, distribución, etc. c2003
300 ## - DESCRIPCIÓN FÍSICA
Extensión 1 recurso en línea (201 páginas) :
Otras características físicas gráficas, PDF
650 #4 - ASIENTO SECUNDARIO DE MATERIA - TERMINO TEMATICO
Término de materia o nombre geográfico como elemento de entrada Educación Superior
Subdivisión geográfica Murcia, España
Subdivisión general Historia
Subdivisión cronológica Siglo XVIII
9 (RLIN) 59283
856 ## - LOCALIZACIÓN Y ACCESO ELECTRÓNICOS
Identificador Uniforme del Recurso <a href="http://hdl.handle.net/10045/39740">http://hdl.handle.net/10045/39740</a>
902 ## - ELEMENTOS DE DATOS B LOCAL, LDB (RLIN)
Creó VíctorGodínez/160426
942 ## - ELEMENTOS DE PUNTO DE ACCESO ADICIONAL (KOHA)
Fuente del sistema de clasificación o colocación Library of Congress Classification
Tipo de ítem Koha Libro Electrónico
Holdings
Estado de retiro Estado de pérdida Fuente del sistema de clasificación o colocación Estado dañado No para préstamo Código de colección Localización permanente Ubicación/localización actual Ubicación en estantería Fecha de adquisición Total de préstamos Clasificación Fecha visto por última vez Identificador Uniforme del Recurso Precio válido a partir de Tipo de ítem Koha
    Library of Congress Classification     Acceso abierto Bib. Gregorio Torres Quintero Bib. Gregorio Torres Quintero En línea 16/04/2026   LA911.5 16/04/2026 http://hdl.handle.net/10045/39740 16/04/2026 Libro Electrónico